00908cam a2200301 i 45000010008000000030009000080050017000170070008000340080036000420150006000780170009000840200015000930350006001080400025001140800006001390820027001451000023001722450092001952600064002873000024003514900029003755040027004045340060004315860038004916500027005296500019005567000031005750000540DO-SdBNP20230427115559.00000540100514s 2003 sp a || 000 f spa  a  a b  a8489384444 a  aBPMSUbspacBPMSUe  a  4a306.8 bT667c 20032221 aTonucci, Francesco10aCuando los niños dicen ¡basta! /cFrancesco Tonucci ; traducción Mario Merlino h  aMadrid :bFundación Germán Sánchez Ruipérez,c2003. a303 p.: bil.c23 m0 aEl árbol de la memoria aBiografía p: 296-303 aTítulo original :tSe i bambini dicono: adesso basta! aPremio Doncel de biografía 1962 4aEducación de niños 4aPadres e hijos1 aMerlino, Mariod1948-ttr.